000 00460nam a2200181Ia 4500
001 17234
005 20260306170410.0
008 260306t2017||||xx |||||||||||||| ||und||
041 _aESP
082 _a657.61
_bA93B
100 _aAyala Zavala, Pascual
_eAUT
245 0 _aAdopción de las NIIF:
_baplicación práctica y continuidad
260 _c2017
300 _a604 páginas :
_c25 cm.
650 _aGEN
654 _aCCO
942 _cLIB
_dJUS
_fJUS
_2ddc
_n
999 _c17234
_d17234